000 00473nam a2200181Ia 4500
005 20240731061251.0
008 240331s9999 xx 000 0 und d
020 _a817120094X
082 _a291.5
_bTAP
100 _aTapasyananda, S
245 0 _aSrimad Bhagavat gita :
_bthe scripture of mankind
250 _a3 rd
260 _aMadras
_bSri Ramakrishna Math Printing Press
_c1988
300 _axvi, 517 p .,
650 _aReligion
650 _aHuman Values
942 _cL
999 _c874
_d874